Lectures on modular correspondences /

Guardado en:
Autor Principal: Eichler, M.
Otros Autores: Rangachari, S. S. (xxx)
Formato: Libro
Idioma:English
Publicado: Bombay : Tata Institute of Fundamental Research, 1955-56.
Series:Tata Institute of Fundamental Research. Lectures on mathematics and physics. Mathematics ; 9
Etiquetas: Agregar Etiqueta
Sin Etiquetas, Sea el primero en etiquetar este registro!
LEADER 00667nam a22001695a 4500
001 MAT.inmabb000780
008 031119m19551956ii############000#0#eng#d
005 20170804145234.0
245 1 0 |a Lectures on modular correspondences /  |c by M. Eichler ; notes by S. S. Rangachari. 
260 |a Bombay :  |b Tata Institute of Fundamental Research,  |c 1955-56. 
300 |a iii, 167, iii h. ;  |c 28 cm. 
440 0 |a Tata Institute of Fundamental Research. Lectures on mathematics and physics.  |p Mathematics ;  |v 9 
500 |a Fecha en la cubierta: 1957. 
100 1 |a Eichler, M.  |q (Martin) 
700 1 |a Rangachari, S. S.  |4 xxx 
084 |a 11-XX  |2 msc2000 
859 |h 11  |i Ei34l  |p A-588  |b BIB. MATEMATICA